Η καθημερινή ζωή στην Αναγέννηση

Αποθηκεύτηκε σε:
Λεπτομέρειες βιβλιογραφικής εγγραφής
Κύριος συγγραφέας: Chamberlin, E. R. (Eric Russell), 1926-2006
Μορφή: Βιβλίο
Γλώσσα:Greek
English
Δημοσίευση: [Αθήνα] : Ωκεανίς, [1972]
Θέματα:
Ετικέτες: Προσθήκη ετικέτας
Δεν υπάρχουν, Καταχωρήστε ετικέτα πρώτοι!

MARC

LEADER 00000cam a2200000 i 4500
001 1/20907
008 051216s1972 gr | ||| |||| ||gre||
035 |l 10081733 
040 |a GR-MyUa  |b gre  |e AACR2 
041 1 |a gre  |h eng 
082 7 |a 940.21   |2 (22) 
100 1 |a Chamberlin, E. R.   |q (Eric Russell),   |d 1926-2006. 
245 1 2 |a Η καθημερινή ζωή στην Αναγέννηση /   |c Ε.Ρ. Τσάμπερλιν. 
260 |a [Αθήνα] :   |b Ωκεανίς,   |c [1972] 
300 |a 208 σ. ;   |c 21 εκ. 
650 0 |a Renaissance. 
650 0 |a Civilization, Medieval  |y 14th century. 
650 0 |a Civilization, Modern  |y 17th century. 
852 |a INST  |b RHODES  |c KRI  |e 20051216  |h  940.21 CHA  |p 005400021774  |q 005400021774  |t BK  |y 0 
901 |a BIBL4-2005-3 
970 |a ΚΟΖΑ  |b ΜΑΡΙΑ  |z 2005/12/16